000 01103ntm a22003977a 4500
005 20250620143610.0
008 170405b2015 xxu||||| |||| 00| 0 spa d
020 _a9789586992978
041 _aESP
082 _a658.404 P659g3
100 _aPinto, Jeffrey
_941951
245 _aGerencia de proyectos: cómo lograr la ventaja competitiva
250 _a3 edición
260 _aColombia
260 _bPearson
260 _c2015
300 _a538 páginas
490 _aDirección y Administración de Empresas
650 _aGERENCIA DE PROYECTOS
650 _aPROYECTOS
650 _aCARACTERISTICAS GENERALES DEL PROYECTO
650 _aCONTEXTO ORGANIZACIONAL
650 _aESTRUCTURA ORGANIZACIONAL
650 _aSELECCIÓN DE PROYECTOS
650 _aMODELOS FINANCIEROS
650 _aPORTAFOLIO DE PROYECTOS
650 _aLIDERAZGO
650 _aALCANCE
650 _aCIERRE
650 _aEQUIPOS DE PROYECTOS
650 _aGERENCIA DE RIESGOS
650 _aESTIMACIÓN DE COSTOS
650 _aPRESUPUESTOS
650 _aGERENCIA DE RECURSOS
942 _cBK
_2ddc
999 _c9228
_d9228